000 00437nam a22001697a 4500
003 BDDh-ASL
005 20231015031018.0
008 220919s1889 ii ||||| |||| 00| 0 urd d
040 _aBDDh-ASL
_cBDDh-ASL
041 _aurd
082 _a297
_bAKS
245 0 0 _aAksir-I Hidayat : / اکسیر ہدایت
260 _aLucknow :
_bNawal Kishore ,
_c1889.
300 _a626 p. :
_c20 cm.
650 0 _91652
_aIslam
942 _2ddc
_cBK
999 _c29257
_d29257